Speaking of universities / (Record no. 16287)

MARC details
000 -LEADER
fixed length control field 03555nam a22003137a 4500
003 - CONTROL NUMBER IDENTIFIER
control field BDCtgAUW
005 - DATE AND TIME OF LATEST TRANSACTION
control field 20260331172423.0
008 - FIXED-LENGTH DATA ELEMENTS--GENERAL INFORMATION
fixed length control field 161222s2017 enk b 000 0 eng
020 ## - INTERNATIONAL STANDARD BOOK NUMBER
International Standard Book Number 9781786631398
Qualifying information hardback
040 ## - CATALOGING SOURCE
Original cataloging agency BDCtgAUW
Language of cataloging BDCtgAUW
Transcribing agency BDCtgAUW
Description conventions BDCtgAUW
Modifying agency BDCtgAUW
050 00 - LIBRARY OF CONGRESS CALL NUMBER
Classification number LB2322.2.C639
100 10 - MAIN ENTRY--PERSONAL NAME
Personal name Collini, Stefan
Relator term author
9 (RLIN) 91092
245 10 - TITLE STATEMENT
Title Speaking of universities /
264 #1 - PRODUCTION, PUBLICATION, DISTRIBUTION, MANUFACTURE, AND COPYRIGHT NOTICE
Place of production, publication, distribution, manufacture London ;
-- New York :
Name of producer, publisher, distributor, manufacturer Verso,
Date of production, publication, distribution, manufacture, or copyright notice 2017.
300 ## - PHYSICAL DESCRIPTION
Extent 296 p. :
Dimensions 25 cm.
338 ## - CARRIER TYPE
Carrier type term volume
Carrier type code nc
Source rdacarrier
504 ## - BIBLIOGRAPHY, ETC. NOTE
Bibliography, etc. note Includes bibliographical references (pages [288]-296).
520 ## - SUMMARY, ETC.
Summary, etc. "A devastating analysis of what is happening to our universities In recent decades there has been an immense global surge in the numbers both of universities and of students. In the UK alone there are now over 140 institutions teaching more subjects to nearly 2.5 million students. New technology offers new ways of learning and teaching. Globalization forces institutions to consider a new economic horizon. At the same time governments have systematically imposed new procedures regulating funding, governance, and assessment. Universities are being forced to behave more like business enterprises in a commercial marketplace than centres of learning. In Speaking of Universities, historian and critic Stefan Collini analyses these changes and challenges the assumptions of policy-makers and commentators. He asks: does 'marketization' threaten to destroy what we most value about education; does this new era of 'accountability' distort what it purports to measure; and who does the modern university belong to? Responding to recent policies and their underlying ideology, the book is a call to 'focus on what is actually happening and the cliches behind which it hides; an incitement to think again, think more clearly, and then to press for something better'"--
Assigning source Provided by publisher.
520 ## - SUMMARY, ETC.
Summary, etc. "In recent decades there has been an immense global surge in the numbers both of universities and of students. In the UK alone there are now over 140 institutions teaching more subjects to nearly 2.5 million students. New technology offers new ways of learning and teaching. Globalisation forces institutions to consider a new economic horizon. At the same governments have systematically imposed new procedures regulating funding, governance, and assessment. Universities are being forced to behave more like business enterprises in a commercial marketplace than centres of learning. In Speaking of Universities, historian and critic Stefan Collini analyses these changes and challenges the assumptions of policy-makers and commentators. He asks: does 'marketisation' threaten to destroy what we most value about education; does this new era of 'accountability' distort what it purports to measure; and who does the modern university 'belong to'? Responding to recent policies and their underlying ideology, the book is a call to 'focus on what is actually happening and the clich behind which it hides; an incitement to think again, think more clearly, and then to press for something better'"--
Assigning source Provided by publisher.
650 #0 - SUBJECT ADDED ENTRY--TOPICAL TERM
Topical term or geographic name entry element Education, Higher
General subdivision Aims and objectives.
650 #0 - SUBJECT ADDED ENTRY--TOPICAL TERM
Topical term or geographic name entry element Education, Higher
General subdivision Economic aspects.
9 (RLIN) 91093
650 #0 - SUBJECT ADDED ENTRY--TOPICAL TERM
Topical term or geographic name entry element Education and globalization.
650 #0 - SUBJECT ADDED ENTRY--TOPICAL TERM
Topical term or geographic name entry element Business and education.
650 #0 - SUBJECT ADDED ENTRY--TOPICAL TERM
Topical term or geographic name entry element Educational accountability.
9 (RLIN) 91094
650 #7 - SUBJECT ADDED ENTRY--TOPICAL TERM
Topical term or geographic name entry element EDUCATION / Higher.
Source of heading or term bisacsh
650 #7 - SUBJECT ADDED ENTRY--TOPICAL TERM
Topical term or geographic name entry element EDUCATION / Organizations & Institutions.
Source of heading or term bisacsh
9 (RLIN) 91095
887 ## - NON-MARC INFORMATION FIELD
Source of data 8
Content of non-MARC field Papia Akter
888 ## -
-- 8
942 ## - ADDED ENTRY ELEMENTS (KOHA)
Source of classification or shelving scheme Library of Congress Classification
Koha item type Books
Suppress in OPAC No
Holdings
Withdrawn status Lost status Source of classification or shelving scheme Damaged status Not for loan Collection Home library Current library Shelving location Date acquired Source of acquisition Total Checkouts Full call number Barcode Date last seen Price effective from Koha item type
    Library of Congress Classification     Non-fiction Asian University for Women Library Mahsa Amini Library General Stacks 25/02/2026 Kamal Ahmad   LB2322.2 .C639 033354 27/02/2026 27/02/2026 Books